L'amore ai tempi del colera /

Gespeichert in:
Bibliographische Detailangaben
1. Verfasser: García Márquez, Gabriel (Verfasst von)
Weitere Verfasser: Valentinetti, Claudio M.
Format: Buch
Sprache:Italienisch
Veröffentlicht: Milano : Oscar Mondadori, 1990
Schriftenreihe:Oscar narrativa ; 1345
Tags: Tag hinzufügen
Keine Tags, Fügen Sie das erste Tag hinzu!

MARC

LEADER 00000nam a22000007i 4500
001 IT\ICCU\UBO\3044068
003 ItRI
005 20260115231848.0
008 060901s1990 it |||||| ||||| |||||c
020 |a 8804404108 
024 3 1 |a 9788804404101 
040 |b ita  |c importazione bologna sebina 
041 7 |a ita  |2 ISO-639-2 
100 1 |a García Márquez, Gabriel  |0 IT\ICCU\CFIV\002730  |4 aut 
240 1 3 |a El amor en los tiempos del colera  |3 IT\ICCU\CFI\0014109  |9 García Márquez, Gabriel 
245 1 2 |a L'amore ai tempi del colera /  |c Gabriel Garcia Marquez ; traduzione di Claudio M. Valentinetti. 
260 |a Milano :  |b Oscar Mondadori,  |c 1990 
300 |a 370 p. ;  |c 19 cm. 
700 1 |a Valentinetti, Claudio M.  |0 IT\ICCU\CFIV\008273 
790 0 |a Gabo,  |d  (1928-2014)  |3 IT\ICCU\SBNV\029876  |z García Márquez, Gabriel 
790 1 |a Garsia Markes, Gabriel'  |3 IT\ICCU\RAVV\593451  |z García Márquez, Gabriel 
790 1 |a Márquez, Gabriel García  |3 IT\ICCU\UFEV\404865  |z García Márquez, Gabriel 
830 0 |a Oscar narrativa ;  |v 1345  |0 IT\ICCU\CFI\0167118 
942 |2 ddc  |c BK  |n 0 
952 |0 0  |1 0  |4 0  |6 DOC_863_440000000000000_GAR  |7 0  |9 14522  |a BO  |b BO  |d 2026-01-15  |i 17400  |l 0  |o DOC 863.44 GAR  |p BO17400  |r 2026-01-15 23:18:48  |w 2026-01-15  |x [Sebina 5] [1 v.]  |y BK  |z 1 v. 
999 |c 12527  |d 12527